00370nam a2200109Ia 4500082002000000245003100020100004900051942000700100008004100107999001700148952009500165 aJ 597.9542 INGE 0aIguanas and other lizards  a INGEBRETSEN, Karen Chicago, 2005 919766 cBK210816s9999 xx 000 0 und d c94023d94023 00104070aSHATLbSHATLd2021-08-17g30.00l0p33228020596589r2021-08-17w2021-08-17yBK